Hver gang vi møtes - Artister - Statistics

General Stats
  • This quiz has been taken 73 times
    69 since last reset
  • The average score is 22 of 78
Answer Stats
Sesong Artist % Correct
10 Maria Mena
74%
1 Øyvind "Vinni" Sauvik
71%
2 Marion Ravn
57%
4 Bjarne Brøndbo
54%
1 Halvdan Sivertsen
51%
1 Jan Eggum
49%
4 OnklP
49%
5 Admiral P
46%
8 Elisabeth "Bettan" Andreassen
46%
4 Lene Nystrøm
46%
10 Stian "Staysman" Thorbjørnsen
46%
10 Agnete Saba
43%
1 Anne Grete Preus
43%
2 Kurt Nilsen
43%
2 Lene Marlin
43%
1 Øystein Dolmen
43%
11 Andreas "TIX" Haukeland
40%
10 Hanne Krogh
40%
5 Henning Kvitnes
40%
3 Alexander Rybak
37%
5 Jørn Hoel
37%
2 Morten Abel
37%
2 Ole Paus
37%
8 Trine Rein
37%
11 Arif
34%
1 Elvira Nicolaisen
34%
5 Ivar Christian "Ravi" Johansen
34%
8 Maria Haukaas Mittet
34%
9 Odd Nordstoga
34%
3 Øivind "Elg" Elgenes
34%
8 Petter "Katastrofe" Bjørklund Christiansen
34%
8 Sol Heilo
34%
5 Eva Weel Skram
31%
4 Inger Lise Rypdal
31%
10 Abdulhakim "Hkeem" Hassane
29%
6 Hanne Sørvaag
29%
9 Linnea Dale
29%
11 Maj Britt Andersen
29%
11 Stig Brenner
29%
7 Tone Damli Aaberge
29%
3 Anneli Drecker
26%
6 Benny Borg
26%
11 Jarle Bernhoft
26%
3 Lars Lillo-Stenberg
26%
9 Tuva Syvertsen
26%
8 Lars Bremnes
23%
7 Tshawe Baqwa
23%
5 Wenche Myhre
23%
2 Anita Skorgan
20%
11 Anna "of the North" Lotterud
20%
10 Arne Hurlen
20%
9 Aslag Haugen
20%
3 Samsaya
20%
7 Tor Endresen
20%
1 Bertine Zetilitz
17%
6 Espen "Dansken" Seivig
17%
4 Jonas Fjeld
17%
9 Morgan Sulele
17%
3 Sigvart Dagsland
17%
8 Tom Mathisen
17%
7 Christel Alsos
14%
6 Eldar Vågan
14%
9 Frida Ånnevik
14%
6 Ida Maria
14%
2 Magnus Grønneberg
14%
11 Regina "Myra" Tucker
14%
5 Unni Wilhelmsen
14%
6 Margaret Berger
11%
7 Silya Nymoen
11%
3 Simone Eriksrud
11%
10 Trygve Skaug
11%
6 Åse Kleveland
9%
9 Chris Holstein
9%
7 Claudia Scott
9%
7 Hans Petter Aaserud
9%
11 Øystein Greni
9%
4 Silje Nergaard
9%
4 Thom Hell
3%
No matching quizzes found
Score Distribution
Percent of People with Each Score
Percentile by Number Answered
Your Score History
You have not taken this quiz since the last reset